Distribúcia a predaj produktov prostredníctvom internetu v podnikoch služieb bakalárska práca

Na minha lista:
Detalhes bibliográficos
Autor principal: Najdeková, Katarína
Autor Corporativo: Obchodná fakulta EU. Katedra marketingu
Outros Autores: Šilhárová, Marta
Formato: Livro
Idioma:eslovaco
Publicado em: Bratislava 2013
Tags: Adicionar Tag
Sem tags, seja o primeiro a adicionar uma tag!

MARC

LEADER 00000nbm a2200000 4500
001 0171259
005 20161109112026.6
041 0 |a slo 
044 |a SK 
245 1 0 |a Distribúcia a predaj produktov prostredníctvom internetu v podnikoch služieb  |b bakalárska práca  |c Katarína Najdeková ; školiteľ: Marta Šilhárová 
264 1 |a Bratislava  |c 2013 
300 |a 46 s. 
100 1 |a Najdeková, Katarína 
700 1 |a Šilhárová, Marta 
710 2 |a Obchodná fakulta EU. Katedra marketingu